[Event "SVK-chT2B 2324"]
[Site "Slovakia"]
[Date "2024.02.11"]
[Round "9.4"]
[White "Kijac, Miroslav"]
[Black "Hudoba, Ondrej"]
[Result "1/2-1/2"]
[WhiteElo "2019"]
[BlackElo "2043"]
[PlyCount "75"]
[EventDate "2023.10.07"]
[EventType "team-tourn"]
[EventRounds "11"]
[EventCountry "SVK"]
[SourceTitle "EXT 2025"]
[Source "ChessBase"]
[SourceDate "2024.10.14"]
[SourceVersion "1"]
[SourceVersionDate "2024.10.14"]
[SourceQuality "1"]
[WhiteTeam "Trencin"]
[BlackTeam "Levice III"]
[WhiteTeamCountry "SVK"]
[BlackTeamCountry "SVK"]

1. Nf3 Nf6 2. d4 e6 3. c4 b6 4. g3 Bb4+ 5. Bd2 a5 6. Bg2 Bb7 7. 0-0 0-0 8. Bg5 Be7 9. Nc3 Ne4 10. Bxe7 Qxe7 11. Qc2 Nxc3 12. Qxc3 Na6 13. Rfd1 d6 14. a3 c5 15. Qc2 f5 16. Rd2 Be4 17. Qc3 Rfd8 18. b3 Qf6 19. Rad1 Rac8 20. Qe3 h6 21. Ne1 Bxg2 22. Nxg2 e5 23. dxe5 dxe5 24. Rd5 Nc7 25. R5d2 Rd4 26. Qc3 Rcd8 27. e3 Rxd2 28. Rxd2 Rd6 29. Nh4 Ne8 30. Nf3 Rxd2 31. Nxd2 Nd6 32. b4 cxb4 33. axb4 e4 34. Qa3 axb4 35. Qxb4 Nf7 36. c5 Qa1+ 37. Kg2 bxc5 38. Qxc5 1/2-1/2

[Event "Bratislava Slovakia op"]
[Site "Bratislava"]
[Date "2022.10.01"]
[Round "5"]
[White "Kijac, Miroslav"]
[Black "Balint, Peter1"]
[Result "1/2-1/2"]
[WhiteElo "2078"]
[BlackElo "2219"]
[PlyCount "128"]
[EventDate "2022.09.30"]
[EventType "swiss (rapid)"]
[EventRounds "9"]
[EventCountry "SVK"]
[SourceTitle "CBM 210 Extra"]
[Source "ChessBase"]
[SourceDate "2022.11.30"]
[SourceVersion "1"]
[SourceVersionDate "2022.11.30"]
[SourceQuality "1"]

1. d4 Nf6 2. Nf3 e6 3. c4 c5 4. Nc3 cxd4 5. Nxd4 a6 6. e4 d6 7. Be2 Be7 8. Be3 0-0 9. Rc1 Nbd7 10. 0-0 Qc7 11. Qd2 b6 12. Rfd1 Bb7 13. f3 Rac8 14. Bf1 Rfd8 15. Qf2 Qb8 16. Nb3 Ba8 17. Na4 Nc5 18. Nbxc5 dxc5 19. Nc3 Bd6 20. g3 Be5 21. Qc2 Qc7 22. Ne2 h6 23. Bg2 Qc6 24. Kh1 Kh8 25. Bg1 Bb8 26. Nc3 g5 27. Rxd8+ Rxd8 28. Rd1 Rxd1 29. Qxd1 Qd7 30. Qxd7 Nxd7 31. Be3 Ne5 32. b3 Kg7 33. Kg1 Nd3 34. Kf1 Be5 35. Bd2 Kg6 36. Ke2 Nb4 37. Na4 Bc7 38. Nc3 Bc6 39. a4 Nc2 40. f4 Nd4+ 41. Kd3 Nxb3 42. Be3 gxf4 43. gxf4 Nd4 44. Bh3 Nf3 45. f5+ exf5 46. Bxf5+ Kg7 47. Nd5 Bxd5 48. exd5 Bxh2 49. a5 Bc7 50. Bc8 Ne5+ 51. Kc3 h5 52. Bxa6 h4 53. Bc8 bxa5 54. Bxc5 Kg6 55. Be7 f6 56. d6 Bb6 57. d7 Nc6 58. Bd6 h3 59. c5 Bd8 60. Bb7 Ne5 61. c6 h2 62. c7 Bxc7 63. Bxc7 Nxd7 64. Bxh2 Nc5 1/2-1/2

[Event "Bratislava Slovakia op"]
[Site "Bratislava"]
[Date "2022.09.30"]
[Round "1"]
[White "Kijac, Miroslav"]
[Black "Dubnicka, Ferdinand"]
[Result "1-0"]
[WhiteElo "2078"]
[BlackElo "1517"]
[PlyCount "105"]
[EventDate "2022.09.30"]
[EventType "swiss (rapid)"]
[EventRounds "9"]
[EventCountry "SVK"]
[SourceTitle "CBM 210 Extra"]
[Source "ChessBase"]
[SourceDate "2022.11.30"]
[SourceVersion "1"]
[SourceVersionDate "2022.11.30"]
[SourceQuality "1"]

1. d4 Nf6 2. c4 g6 3. Nc3 c6 4. e4 d6 5. Nf3 Bg7 6. Be2 Bg4 7. Be3 0-0 8. 0-0 Nbd7 9. Qc2 Re8 10. Rfd1 Qc7 11. Rab1 e5 12. d5 c5 13. Ne1 Bxe2 14. Qxe2 a6 15. a3 Re7 16. Rdc1 Rf8 17. Nd3 Nh5 18. Nd1 Rc8 19. b4 b6 20. Rb3 Qd8 21. bxc5 bxc5 22. Rcb1 Rb8 23. Bg5 f6 24. Be3 Rxb3 25. Rxb3 Qc8 26. Qb2 Kf7 27. f3 g5 28. g3 Bh6 29. N1f2 Bf8 30. Bd2 h6 31. Nd1 Ng7 32. Ne3 h5 33. Ba5 Re8 34. Rb7 Be7 35. Rc7 Qb8 36. Rxd7 Qxb2 37. Nxb2 Rb8 38. Nbd1 Ke8 39. Ra7 Kf7 40. Kf2 Ke8 41. Rxa6 Rb7 42. Bb6 Kf7 43. a4 Ne8 44. a5 Nc7 45. Ra7 Rxa7 46. Bxa7 Na6 47. Bb6 Ke8 48. Nc3 Kd7 49. Nb5 Bf8 50. g4 h4 51. Ke2 Be7 52. Nf5 Bf8 53. Ne7 1-0

[Event "SVK-ch rapid"]
[Site "Topolcany"]
[Date "2020.07.11"]
[Round "3"]
[White "Chlpek, Daniel"]
[Black "Kijac, Miroslav"]
[Result "1/2-1/2"]
[WhiteElo "1806"]
[BlackElo "2113"]
[PlyCount "86"]
[EventDate "2020.07.11"]
[EventType "swiss (rapid)"]
[EventRounds "9"]
[EventCountry "SVK"]
[SourceTitle "CBM 197 Extra"]
[Source "ChessBase"]
[SourceDate "2020.09.30"]
[SourceVersion "1"]
[SourceVersionDate "2020.09.30"]
[SourceQuality "1"]

1. d4 d5 2. Bf4 c6 3. c3 Bf5 4. e3 Nf6 5. Bd3 Bg6 6. Nf3 Nbd7 7. Bxg6 hxg6 8. Nbd2 e6 9. h3 Nb6 10. a4 Bd6 11. a5 Nc8 12. Qe2 a6 13. b4 Qc7 14. Bxd6 Nxd6 15. Ne5 0-0 16. h4 Nde4 17. Nxe4 Nxe4 18. h5 g5 19. h6 g6 20. Rc1 Kh7 21. Qd3 c5 22. f3 Nf6 23. bxc5 Qxa5 24. Kf2 Qc7 25. Rb1 a5 26. Qb5 Ra7 27. Ra1 Rfa8 28. Ra4 Nh5 29. g4 Nf6 30. Rb1 Ng8 31. Qb6 Qe7 32. c6 bxc6 33. Nxc6 Qd6 34. Nxa7 Qh2+ 35. Ke1 Rxa7 36. Qxa7 Qg1+ 37. Ke2 Qxb1 38. Qxf7+ Kxh6 39. Qxg8 Qc2+ 40. Kf1 Qd1+ 41. Kg2 Qe2+ 42. Kg3 Qe1+ 43. Kg2 Qe2+ 1/2-1/2

[Event "SVK-ch rapid"]
[Site "Topolcany"]
[Date "2020.07.11"]
[Round "4"]
[White "Kijac, Miroslav"]
[Black "Kucera, Michal"]
[Result "1-0"]
[WhiteElo "2113"]
[BlackElo "1920"]
[PlyCount "111"]
[EventDate "2020.07.11"]
[EventType "swiss (rapid)"]
[EventRounds "9"]
[EventCountry "SVK"]
[SourceTitle "CBM 197 Extra"]
[Source "ChessBase"]
[SourceDate "2020.09.30"]
[SourceVersion "1"]
[SourceVersionDate "2020.09.30"]
[SourceQuality "1"]

1. d4 Nf6 2. c4 e6 3. Nc3 Bb4 4. Qc2 0-0 5. Bg5 h6 6. Bh4 d5 7. cxd5 exd5 8. e3 Be6 9. Nf3 Nbd7 10. Be2 c5 11. dxc5 Rc8 12. a3 Bxc3+ 13. Qxc3 Rxc5 14. Qd4 b6 15. 0-0 Qb8 16. b4 Rcc8 17. Ba6 Rc6 18. Bb5 Rcc8 19. Bg3 Qb7 20. Qd3 Nb8 21. Nd4 a6 22. Ba4 Ne4 23. Be5 Bd7 24. Bc2 Bb5 25. Nxb5 axb5 26. f3 f6 27. Bd4 Rxc2 28. Qxc2 Ng5 29. Rac1 Ne6 30. Bb2 Qf7 31. Qd3 Rd8 32. Rfd1 f5 33. f4 d4 34. Bxd4 Nxd4 35. exd4 Qd5 36. Qc3 Kh7 37. Rc2 Re8 38. Qf3 Re4 39. Re2 Nd7 40. Rxe4 fxe4 41. Qe3 Nf6 42. h3 Qa2 43. Rd2 Qb1+ 44. Kh2 Nd5 45. Qg3 e3 46. Re2 Qd3 47. Qf3 Qc4 48. Re1 Qb3 49. Qe4+ Kh8 50. f5 Qc3 51. Re2 Qc4 52. Rc2 Qb3 53. Rc8+ Kh7 54. f6+ g6 55. Rc7+ Nxc7 56. Qe7+ 1-0

[Event "SVK-chT3B2 1819"]
[Site "Slovakia"]
[Date "2019.02.24"]
[Round "8.1"]
[White "Rucek, Kristian"]
[Black "Kijac, Miroslav"]
[Result "0-1"]
[WhiteElo "1737"]
[BlackElo "2082"]
[PlyCount "82"]
[EventDate "2018.10.21"]
[EventType "team-tourn"]
[EventRounds "11"]
[EventCountry "SVK"]
[SourceTitle "CBM 189 Extra"]
[Source "ChessBase"]
[SourceDate "2019.05.31"]
[SourceVersion "1"]
[SourceVersionDate "2019.05.31"]
[SourceQuality "1"]
[WhiteTeam "Belusa"]
[BlackTeam "Trencin "]
[WhiteTeamCountry "SVK"]
[BlackTeamCountry "SVK"]

1. c4 Nf6 2. Nc3 c5 3. g3 d5 4. cxd5 Nxd5 5. Bg2 Nc7 6. d3 e5 7. f4 exf4 8. Bxf4 Be7 9. Nf3 Nc6 10. Bxc7 Qxc7 11. Nd5 Qd6 12. Nxe7 Qxe7 13. Rc1 0-0 14. Nd2 Nd4 15. Ne4 Bg4 16. Bf1 f5 17. Nf2 Qe3 18. Bg2 Bxe2 19. Qd2 Qe7 20. Nh3 Nf3+ 21. Bxf3 Bxf3+ 22. Kf2 Bxh1 23. Rxh1 Rfe8 24. Nf4 Qe5 25. Rc1 Rad8 26. h4 Qd4+ 27. Kg2 c4 28. Rc3 cxd3 29. Rxd3 Qe4+ 30. Kf2 Rxd3 31. Qxd3 Qxd3 32. Nxd3 Kf7 33. Kf3 Kf6 34. Nf4 g6 35. Nd5+ Ke5 36. Nc3 h6 37. Ke3 g5 38. hxg5 hxg5 39. a3 Rc8 40. a4 Rc4 41. a5 Rb4 0-1

[Event "SVK-chT3B2 1819"]
[Site "Slovakia"]
[Date "2018.10.21"]
[Round "1.1"]
[White "Kvassay, Peter"]
[Black "Kijac, Miroslav"]
[Result "1-0"]
[WhiteElo "2002"]
[BlackElo "2082"]
[PlyCount "87"]
[EventDate "2018.10.21"]
[EventType "team-tourn"]
[EventRounds "11"]
[EventCountry "SVK"]
[SourceTitle "CBM 189 Extra"]
[Source "ChessBase"]
[SourceDate "2019.05.31"]
[SourceVersion "1"]
[SourceVersionDate "2019.05.31"]
[SourceQuality "1"]
[WhiteTeam "Povazska Bystrica Sparta"]
[BlackTeam "Trencin "]
[WhiteTeamCountry "SVK"]
[BlackTeamCountry "SVK"]

1. Nf3 d5 2. d4 Nf6 3. g3 c6 4. Bg2 Bf5 5. c4 e6 6. 0-0 Nbd7 7. cxd5 exd5 8. Nc3 Be7 9. Nh4 Be6 10. f3 h6 11. Qd3 c5 12. Nf5 Bxf5 13. Qxf5 Nb6 14. Be3 Rc8 15. Kh1 0-0 16. Rad1 Qe8 17. dxc5 Bxc5 18. Bxh6 gxh6 19. Qxf6 Qe6 20. Qf4 Be3 21. Qh4 Rc5 22. f4 f5 23. Rd3 d4 24. Nd1 Nc4 25. b3 Nd2 26. Nxe3 dxe3 27. b4 Rb5 28. a4 Rb6 29. Bd5 Nxf1 30. Bxe6+ Rxe6 31. Rd7 Nd2 32. g4 Ne4 33. h3 Rg6 34. Qe7 Nf6 35. Qe6+ Kh8 36. Qxf5 Rg7 37. Rxg7 Kxg7 38. g5 Nh7 39. Qe5+ Kg6 40. Qe4+ Kg7 41. Qe5+ Kg8 42. gxh6 Nf6 43. Qg5+ Kf7 44. Qg7+ 1-0

[Event "SVK-chT2B 1819"]
[Site "Slovakia"]
[Date "2018.10.14"]
[Round "2.4"]
[White "Beres, Dominik"]
[Black "Kijac, Miroslav"]
[Result "1/2-1/2"]
[WhiteElo "2020"]
[BlackElo "2105"]
[PlyCount "101"]
[EventDate "2018.10.13"]
[EventType "team-tourn"]
[EventRounds "11"]
[EventCountry "SVK"]
[SourceTitle "CBM 187 Extra"]
[Source "ChessBase"]
[SourceDate "2018.11.04"]
[SourceVersion "1"]
[SourceVersionDate "2018.11.04"]
[SourceQuality "1"]
[WhiteTeam "Tlmace"]
[BlackTeam "Trencin"]
[WhiteTeamCountry "SVK"]
[BlackTeamCountry "SVK"]

1. e4 e6 2. d4 d5 3. Nd2 Nf6 4. e5 Nfd7 5. Bd3 c5 6. c3 Nc6 7. Ne2 cxd4 8. cxd4 f6 9. exf6 Qxf6 10. Nf3 h6 11. 0-0 Bd6 12. Ng3 0-0 13. Bc2 Rd8 14. a3 Nf8 15. b4 Bd7 16. Bb2 Be8 17. Re1 Bg6 18. Bb3 Bf4 19. Ne5 Nxe5 20. dxe5 Qf7 21. Qd4 Rdc8 22. Ne2 Bg5 23. f4 Bd8 24. Qd2 a5 25. Rec1 Qd7 26. Nd4 a4 27. Bd1 Bb6 28. Be2 Be8 29. g3 Ng6 30. Kg2 Qf7 31. Bd3 Ne7 32. b5 Bc5 33. g4 Bd7 34. Rf1 Rf8 35. Rae1 Qe8 36. Qe2 g6 37. h4 Rf7 38. Kh2 Qf8 39. f5 gxf5 40. Nxf5 Nxf5 41. gxf5 Bxa3 42. fxe6 Bxe6 43. Rxf7 Qxf7 44. Rf1 Qe7 45. Bxa3 Qxh4+ 46. Kg1 Kh8 47. Rf8+ Rxf8 48. Bxf8 Qg3+ 49. Qg2 Qxe5 50. Bxh6 Qd4+ 51. Qf2 1/2-1/2

[Event "SVK-chT2B 1819"]
[Site "Slovakia"]
[Date "2018.10.13"]
[Round "1.4"]
[White "Kijac, Miroslav"]
[Black "Solcan, Martin"]
[Result "1/2-1/2"]
[WhiteElo "2105"]
[BlackElo "1911"]
[PlyCount "138"]
[EventDate "2018.10.13"]
[EventType "team-tourn"]
[EventRounds "11"]
[EventCountry "SVK"]
[SourceTitle "CBM 187 Extra"]
[Source "ChessBase"]
[SourceDate "2018.11.04"]
[SourceVersion "1"]
[SourceVersionDate "2018.11.04"]
[SourceQuality "1"]
[WhiteTeam "Trencin"]
[BlackTeam "Levice"]
[WhiteTeamCountry "SVK"]
[BlackTeamCountry "SVK"]

1. Nf3 Nf6 2. d4 g6 3. c4 Bg7 4. Nc3 0-0 5. e4 d6 6. Be2 e5 7. 0-0 Nc6 8. Be3 h6 9. d5 Ne7 10. Ne1 g5 11. c5 Ng6 12. cxd6 cxd6 13. Rc1 Ne8 14. Bg4 Bxg4 15. Qxg4 Qc8 16. Qxc8 Rxc8 17. Bxa7 f5 18. f3 fxe4 19. fxe4 Nf4 20. Rf2 Nf6 21. Rfc2 Rc4 22. g3 Nh3+ 23. Kg2 g4 24. b3 Rc7 25. Bb6 Rcf7 26. Be3 Nh7 27. Nb5 Rf6 28. Rc8 N7g5 29. Rxf8+ Bxf8 30. Rc4 h5 31. Nc3 Bh6 32. Nd1 Nf3 33. Nxf3 Bxe3 34. Nh4 Bc5 35. Nf5 Ng5 36. Nc3 b5 37. Nxb5 Nxe4 38. Rxe4 Rxf5 39. Re2 Rf3 40. Rb2 Rd3 41. b4 Bb6 42. Nxd6 Rd1 43. h3 Rxd5 44. Ne4 Kf7 45. hxg4 hxg4 46. Rd2 Rxd2+ 47. Nxd2 Ke6 48. Ne4 Bd4 49. Kf1 Kd5 50. Nf6+ Kc4 51. Ke2 Kxb4 52. Nxg4 e4 53. Nf2 Ka3 54. Nxe4 Kxa2 55. Kd3 Be5 56. g4 Kb3 57. g5 Kb4 58. g6 Kb5 59. Ng5 Kc6 60. Ke4 Bg7 61. Ne6 Bh8 62. Ng5 Kd7 63. Nf7 Bg7 64. Kf4 Ke7 65. Ne5 Kf8 66. Kf5 Bxe5 67. Kxe5 Kg7 68. Kf5 Kg8 69. Kf6 Kf8 1/2-1/2

[Event "SVK-chT3B2 1718"]
[Site "Slovakia"]
[Date "2017.11.19"]
[Round "4.1"]
[White "Kijac, Miroslav"]
[Black "Reisel, Frantisek"]
[Result "1-0"]
[WhiteElo "2099"]
[BlackElo "1967"]
[PlyCount "87"]
[EventDate "2017.10.08"]
[EventType "team-tourn"]
[EventRounds "11"]
[EventCountry "SVK"]
[SourceTitle "EXT 2019"]
[Source "ChessBase"]
[SourceDate "2018.10.10"]
[SourceVersion "1"]
[SourceVersionDate "2018.10.10"]
[SourceQuality "1"]
[WhiteTeam "Trencin II"]
[BlackTeam "Prievidza II"]
[WhiteTeamCountry "SVK"]
[BlackTeamCountry "SVK"]

1. d4 d5 2. c4 c6 3. Nf3 Nf6 4. Qc2 e6 5. Nbd2 Nbd7 6. g3 Be7 7. Bg2 0-0 8. 0-0 b6 9. e4 dxe4 10. Nxe4 Bb7 11. Bf4 Nxe4 12. Qxe4 Nf6 13. Qe2 c5 14. Rfd1 cxd4 15. Be5 Qc8 16. Bxd4 Rd8 17. a3 Nd7 18. b4 Bf6 19. Bxf6 Nxf6 20. Ne5 Bxg2 21. Kxg2 Qc7 22. b5 Rxd1 23. Rxd1 Rd8 24. Nc6 Rd7 25. Qf3 h6 26. a4 Rxd1 27. Qxd1 a6 28. Qf3 axb5 29. cxb5 Nd5 30. Qa3 f6 31. h4 Kf7 32. Qf3 g6 33. h5 g5 34. Qe4 f5 35. Qd4 Nf6 36. Ne5+ Kg7 37. Nc4 Qb7+ 38. Kg1 Qd5 39. Qc3 Qd1+ 40. Kg2 Qxa4 41. Nd6 Qd1 42. Qc7+ Kg8 43. Qd8+ Kh7 44. Qe7+ 1-0

[Event "SVK-chT3B2 1617"]
[Site "Slovakia"]
[Date "2016.10.16"]
[Round "1.1"]
[White "Bielik, Jakub"]
[Black "Kijac, Miroslav"]
[Result "0-1"]
[WhiteElo "1794"]
[BlackElo "2102"]
[PlyCount "182"]
[EventDate "2016.10.16"]
[EventType "team-tourn"]
[EventRounds "11"]
[EventCountry "SVK"]
[SourceTitle "CBM 175 Extra"]
[Source "ChessBase"]
[SourceDate "2016.12.12"]
[SourceVersion "1"]
[SourceVersionDate "2016.12.12"]
[SourceQuality "1"]
[WhiteTeam "Povazske Podhradie II"]
[BlackTeam "Nemsova Horne Srnie"]
[WhiteTeamCountry "SVK"]
[BlackTeamCountry "SVK"]

1. e4 c5 2. Nc3 Nc6 3. Bb5 g6 4. Bxc6 bxc6 5. d3 Bg7 6. f4 d6 7. Nf3 Bg4 8. 0-0 e6 9. h3 Bxf3 10. Qxf3 Ne7 11. Bd2 Rb8 12. Rab1 0-0 13. Qf2 Rb7 14. Kh1 f5 15. e5 Nd5 16. Na4 Nb6 17. Nc3 c4 18. d4 d5 19. Ne2 Nd7 20. b3 Qb8 21. Qg1 Nb6 22. Bb4 Rc8 23. Bd6 Qa8 24. Rfc1 Bf8 25. Bxf8 Kxf8 26. b4 Na4 27. c3 Rcb8 28. Qd1 Nb6 29. a3 Nd7 30. Qa4 Rb5 31. Qd1 a5 32. Ra1 Qb7 33. Kg1 Qa7 34. Kh1 Qc7 35. Qe1 Qd8 36. Kh2 R5b7 37. Rcb1 Kg7 38. g3 Ra7 39. Qc1 axb4 40. cxb4 Nb6 41. Nc3 Na4 42. Ra2 Qb6 43. Qd2 Rba8 44. Nxa4 Rxa4 45. Qc3 Kh8 46. Rba1 Qa7 47. Kg2 Qe7 48. Kf3 g5 49. fxg5 Qxg5 50. Qe3 Qh5+ 51. Kg2 Rg8 52. Rf1 Rg6 53. Qf3 Qg5 54. Qf4 Qe7 55. Qd2 Qg7 56. Rf3 Qa7 57. Kh2 Rg8 58. Kg2 Rb8 59. Qh6 Qf7 60. Qd2 Qh5 61. Rf4 Rg8 62. Qf2 Qd1 63. Rf3 Ra7 64. Rd2 Qa4 65. Ra2 Rag7 66. Rc2 h5 67. Rcc3 Qa7 68. Qe3 Kh7 69. Qf4 Qe7 70. Kh2 Rg6 71. Rfe3 Rh6 72. Rf3 h4 73. Rfe3 hxg3+ 74. Rxg3 Rh4 75. Qd2 Rgg4 76. Rxg4 fxg4 77. Rg3 gxh3 78. Rxh3 Rxh3+ 79. Kxh3 Qf7 80. Qc3 Qf2 81. Kg4 Qg2+ 82. Kh4 Qf2+ 83. Kg5 Qf5+ 84. Kh4 Qd3 85. Qa1 c3 86. Kg5 Qf5+ 87. Kh4 Qf4+ 88. Kh5 Qh2+ 89. Kg4 Qd2 90. Qf1 Qxd4+ 91. Kh3 Qe3+ 0-1